000 00616cam a22002053a 4500
001 44931
003 PGUSA
005 20140828084027.0
008 140216s2014||||xxu|||||s|||||000 | eng d
040 _aPGUSA
_beng
042 _adc
100 1 _aRobida, Albert,
_d1848-1926
245 1 0 _aLes vieilles villes des Flandres :
_bBelgique et Flandre française
_h[electronic resource] /
_cAlbert Robida
260 _bProject Gutenberg,
_c2014
506 _aPublic domain in the USA.
516 _aElectronic text
830 0 _aProject Gutenberg
_v44931
856 4 0 _uhttp://www.gutenberg.org/ebooks/44931
942 _cEB
999 _c274182
_d274182